La crisis de la sociedad contemporánea (Record no. 89239)
[ view plain ]
| 000 -LEADER | |
|---|---|
| campo de control de longitud fija | 00725nam a2200205 i 4500 |
| 001 - NÚMERO DE CONTROL | |
| campo de control | 89239 |
| 003 - IDENTIFICADOR DE NÚMERO DE CONTROL | |
| campo de control | ES-MaACL |
| 005 - FECHA Y HORA DE LA ÚLTIMA TRANSACCIÓN | |
| campo de control | 20250813063310.0 |
| 007 - CAMPO FIJO DE DESCRIPCIÓN FÍSICA--INFORMACIÓN GENERAL | |
| campo de control de longitud fija | t| |
| 008 - DATOS DE LONGITUD FIJA--INFORMACIÓN GENERAL | |
| campo de control de longitud fija | 050105s1947 sp ||||1| spa d |
| 100 1# - ENTRADA PRINCIPAL--NOMBRE DE PERSONA | |
| Nombre de persona | Larraz, José, |
| Fechas asociadas al nombre | 1904-1973 |
| 9 (RLIN) | 70328 |
| 245 13 - MENCIÓN DEL TÍTULO | |
| Título | La crisis de la sociedad contemporánea |
| Resto del título | : conferencia pronunciada en el Ateneo de Madrid, el día 22 de febrero de 1947 / |
| Mención de responsabilidad, etc. | por José Larraz López. |
| 260 ## - PUBLICACIÓN, DISTRIBUCIÓN, ETC. | |
| Lugar de publicación, distribución, etc. | Madrid : |
| Nombre del editor, distribuidor, etc. | [s.n.], |
| Fecha de publicación, distribución, etc. | 1947 ( |
| Fabricante | Blass) |
| 300 ## - DESCRIPCIÓN FÍSICA | |
| Extensión | 23 p. ; |
| Dimensiones | 20 cm. |
| 610 24 - PUNTO DE ACCESO ADICIONAL DE MATERIA--NOMBRE DE ENTIDAD CORPORATIVA | |
| Nombre de entidad corporativa o nombre de jurisdicción como elemento de entrada | Ateneo de Madrid- |
| Subdivisión de forma | Conferencias- |
| Subdivisión cronológica | 1940-1982. |
| 9 (RLIN) | 1908 |
| 650 04 - PUNTO DE ACCESO ADICIONAL DE MATERIA--TÉRMINO DE MATERIA | |
| Término de materia o nombre geográfico como elemento de entrada | Ideología- |
| Subdivisión cronológica | S.XX. |
| 9 (RLIN) | 13547 |
| 710 2# - ENTRADA AGREGADA--NOMBRE DE ENTIDAD CORPORATIVA | |
| Nombre de entidad corporativa o nombre de jurisdicción como elemento de entrada | Ateneo de Madrid. |
| 9 (RLIN) | 1875 |
| 852 ## - LOCALIZACIÓN | |
| Ubicación | ES-MaACL |
| Número de control de estantería | B-10521 |
| Sublocalización o colección | R.23848 |
| Estatus retirado | Estado de pérdida | Estado de daño | No para préstamo | Colección | Biblioteca de origen | Biblioteca actual | Ubicación en estantería | Fecha de adquisición | Fuente de adquisición | Total de préstamos | Signatura topográfica completa | Código de barras | Visto por última vez | Precio de reemplazo | Tipo de ítem Koha |
|---|---|---|---|---|---|---|---|---|---|---|---|---|---|---|---|
| Fondo Ateneo de Madrid | Biblioteca del Ateneo de Madrid | Biblioteca del Ateneo de Madrid | Sala Pardo Bazán | 17/01/2008 | B-10521 | 1093200 | 23/02/2023 | 23/02/2023 | Libro impreso |
